[Event "GRE-chT 46th"]
[Site "Rio Achaia"]
[Date "2018.07.13"]
[Round "5.11"]
[White "Laspas, Antonios"]
[Black "Betsakos, Konstantinos"]
[Result "1/2-1/2"]
[WhiteElo "1566"]
[BlackElo "1913"]
[PlyCount "84"]
[EventDate "2018.07.10"]
[EventType "team"]
[EventRounds "7"]
[EventCountry "GRE"]
[SourceTitle "CBM 185 Extra"]
[Source "ChessBase"]
[SourceDate "2018.07.29"]
[SourceVersion "1"]
[SourceVersionDate "2018.07.29"]
[SourceQuality "1"]
[WhiteTeam "You Go You"]
[BlackTeam "Triandrias OF"]
[WhiteTeamCountry "GRE"]
[BlackTeamCountry "GRE"]

1. d4 Nf6 2. Nf3 d5 3. c4 e6 4. g3 Bb4+ 5. Bd2 Be7 6. Bg2 0-0 7. Qc2 c6 8. 0-0 Nbd7 9. Rd1 b6 10. b3 Bb7 11. Bc3 dxc4 12. bxc4 Qc7 13. e4 e5 14. Nxe5 Nxe5 15. dxe5 Ng4 16. Qb2 Bc5 17. Rd2 Rfe8 18. h3 Nxe5 19. Bxe5 Rxe5 20. Nc3 Ba6 21. Qb3 Ree8 22. Na4 Bf8 23. Rad1 Rad8 24. Qc2 Rxd2 25. Rxd2 Rd8 26. Nb2 Bb4 27. Rxd8+ Qxd8 28. Qa4 Qd2 29. Qxa6 Qxb2 30. Qxa7 Bf8 31. e5 g6 32. Qa8 Qxe5 33. Qxc6 Bc5 34. Qe4 Qa1+ 35. Bf1 Qxa2 36. Qe2 Qa1 37. Qf3 Kg7 38. Qe2 h5 39. h4 Qf6 40. Kg2 g5 41. hxg5 Qxg5 42. Qf3 Qd2 1/2-1/2

[Event "GRE-chT 46th"]
[Site "Rio Achaia"]
[Date "2018.07.12"]
[Round "4.9"]
[White "Betsakos, Konstantinos"]
[Black "Loutragotis, Paraskevas Pantelei"]
[Result "0-1"]
[WhiteElo "1913"]
[BlackElo "1980"]
[PlyCount "82"]
[EventDate "2018.07.10"]
[EventType "team"]
[EventRounds "7"]
[EventCountry "GRE"]
[SourceTitle "CBM 185 Extra"]
[Source "ChessBase"]
[SourceDate "2018.07.29"]
[SourceVersion "1"]
[SourceVersionDate "2018.07.29"]
[SourceQuality "1"]
[WhiteTeam "Triandrias OF"]
[BlackTeam "Zone of Glyfada"]
[WhiteTeamCountry "GRE"]
[BlackTeamCountry "GRE"]

1. d4 Nf6 2. Nf3 g6 3. Bg5 Bg7 4. Nbd2 d6 5. c3 0-0 6. e4 Nbd7 7. Bc4 c6 8. 0-0 Nxe4 9. Bxf7+ Rxf7 10. Nxe4 Nf6 11. Bxf6 exf6 12. d5 c5 13. a4 h6 14. Nfd2 f5 15. Ng3 b6 16. f4 a6 17. Nc4 Rb8 18. a5 b5 19. Nb6 Rxb6 20. axb6 Qxb6 21. Qe2 Bd7 22. Rf3 a5 23. Re3 Bf6 24. Nf1 a4 25. Nd2 Qb7 26. Rd1 b4 27. Qd3 Bb5 28. Qb1 a3 29. Nf3 axb2 30. Qxb2 Bc4 31. h4 bxc3 32. Qf2 Bxd5 33. Ne5 dxe5 34. fxe5 Bg7 35. Rxc3 c4 36. Re1 Re7 37. Qf4 Qb6+ 38. Kh1 Qe6 39. Rce3 Be4 40. Rxe4 fxe4 41. Qxe4 c3 0-1

[Event "Thessaloniki White Tower op 40th"]
[Site "Thessaloniki"]
[Date "2018.01.02"]
[Round "1"]
[White "Betsakos, Konstantinos"]
[Black "Videnova, Iva"]
[Result "0-1"]
[WhiteElo "1871"]
[BlackElo "2311"]
[PlyCount "75"]
[EventDate "2018.01.02"]
[EventType "swiss"]
[EventRounds "9"]
[EventCountry "GRE"]
[SourceTitle "CBM 182 Extra"]
[Source "ChessBase"]
[SourceDate "2018.02.23"]
[SourceVersion "1"]
[SourceVersionDate "2018.02.23"]
[SourceQuality "1"]

1. d4 Nf6 2. Nf3 g6 3. Bg5 Bg7 4. Nbd2 0-0 5. c3 d6 6. e4 c5 7. dxc5 dxc5 8. Bc4 Nc6 9. 0-0 h6 10. Bh4 Nh5 11. Re1 Qc7 12. Qc2 Bg4 13. Be2 Rad8 14. Nc4 Nf4 15. Bg3 Nxe2+ 16. Qxe2 Qc8 17. a4 Qe6 18. Ne3 Bxf3 19. Qxf3 Rd2 20. Nd1 Rfd8 21. Bf4 R2d3 22. Qe2 g5 23. Bc1 Na5 24. f3 Nb3 25. Nf2 R3d7 26. Rb1 c4 27. Be3 Be5 28. g3 Bc7 29. f4 Nd2 30. f5 Qc6 31. Qh5 Be5 32. Bxd2 Rxd2 33. Rbd1 Qb6 34. Rxd2 Rxd2 35. Re2 Qxb2 36. Ng4 Qb1+ 37. Kg2 Rxe2+ 38. Kf3 0-1

[Event "EThessaloniki SSTH HALK-ch U16"]
[Site "Thessaloniki"]
[Date "2017.11.19"]
[Round "5.1"]
[White "Betsakos, Konstantinos"]
[Black "Vlassis, Hristos"]
[Result "1-0"]
[WhiteElo "1857"]
[BlackElo "1273"]
[PlyCount "35"]
[EventDate "2017.10.01"]
[EventType "swiss"]
[EventRounds "6"]
[EventCountry "GRE"]
[SourceTitle "EXT 2024"]
[Source "ChessBase"]
[SourceDate "2023.10.10"]
[SourceVersion "1"]
[SourceVersionDate "2023.10.10"]
[SourceQuality "1"]

1. e4 c6 2. Nc3 d5 3. Nf3 dxe4 4. Nxe4 Nf6 5. Ng3 h5 6. Bc4 h4 7. Nf1 h3 8. g3 Bg4 9. Ne5 Qd4 10. Bxf7+ Kd8 11. Nxg4 Qe4+ 12. Qe2 Qxh1 13. Nxf6 gxf6 14. d4 Rh7 15. Bg6 Rg7 16. Be4 Qg1 17. Be3 e6 18. f4 1-0

[Event "EThessaloniki SSTH HALK-ch U16"]
[Site "Thessaloniki"]
[Date "2017.10.01"]
[Round "1.1"]
[White "Betsakos, Konstantinos"]
[Black "Tsarsitalidis, Konstantinos"]
[Result "1-0"]
[WhiteElo "1857"]
[BlackElo "1842"]
[PlyCount "87"]
[EventDate "2017.10.01"]
[EventType "swiss"]
[EventRounds "6"]
[EventCountry "GRE"]
[SourceTitle "EXT 2024"]
[Source "ChessBase"]
[SourceDate "2023.10.10"]
[SourceVersion "1"]
[SourceVersionDate "2023.10.10"]
[SourceQuality "1"]

1. d4 Nf6 2. Nf3 g6 3. Bg5 Bg7 4. Nbd2 0-0 5. c3 d6 6. e3 c5 7. Bc4 Nc6 8. 0-0 a6 9. a4 Rb8 10. Qe2 d5 11. Bd3 c4 12. Bc2 h6 13. Bf4 Ra8 14. e4 Bg4 15. exd5 Nxd5 16. Bg3 b5 17. h3 Bxf3 18. Qxf3 e6 19. axb5 axb5 20. Ne4 Qb6 21. Nd6 Rad8 22. Rfe1 Bxd4 23. Qg4 Nf6 24. Qh4 Nh5 25. cxd4 Nxd4 26. Nxf7 Nxc2 27. Nxd8 Nxe1 28. Rxe1 Qxd8 29. Qg4 Ng7 30. Qxg6 Qf6 31. Qc2 Nf5 32. Be5 Qg6 33. Re4 h5 34. Qe2 Kh7 35. Bc3 Rg8 36. Qf3 Nd6 37. Rh4 Nf7 38. Rxh5+ Nh6 39. Bd2 Qb1+ 40. Kh2 Rg6 41. Qf7+ Kh8 42. Bxh6 Rxg2+ 43. Kxg2 Qe4+ 44. Kg3 1-0

[Event "Heraklion Gazi op 13th"]
[Site "Heraklion"]
[Date "2017.08.02"]
[Round "6"]
[White "Kudriashova, Irina"]
[Black "Betsakos, Konstantinos"]
[Result "1-0"]
[WhiteElo "2103"]
[BlackElo "1832"]
[PlyCount "112"]
[EventDate "2017.07.28"]
[EventType "swiss"]
[EventRounds "9"]
[EventCountry "GRE"]
[SourceTitle "CBM 179 Extra"]
[Source "ChessBase"]
[SourceDate "2017.08.23"]
[SourceVersion "1"]
[SourceVersionDate "2017.08.23"]
[SourceQuality "1"]

1. c4 e5 2. g3 Nc6 3. Bg2 g6 4. Nc3 Bg7 5. e3 d6 6. Nge2 Nf6 7. 0-0 Be6 8. Nd5 Rb8 9. Nec3 0-0 10. h3 Qd7 11. Kh2 Nd8 12. d3 c6 13. Nxf6+ Bxf6 14. Ne4 Be7 15. b3 f5 16. Nc3 Bf6 17. Bb2 d5 18. Qc2 b5 19. Rfd1 Nf7 20. Ne2 Qd6 21. a4 b4 22. Rac1 Rfc8 23. Qd2 d4 24. Rc2 c5 25. f4 g5 26. fxe5 Bxe5 27. exd4 cxd4 28. Qe1 Re8 29. Qf2 Rbd8 30. Rf1 Qc5 31. Bc1 Qf8 32. Ng1 Qg7 33. Nf3 Bf6 34. Re2 h6 35. Rfe1 Bd7 36. Rxe8+ Bxe8 37. Re2 Bc6 38. Nxg5 hxg5 39. Bxc6 Nh6 40. Qe1 Kh7 41. Re8 Rxe8 42. Qxe8 Be5 43. Qd7 Qxd7 44. Bxd7 Kg6 45. Kg2 Ng8 46. h4 Nf6 47. Be6 g4 48. Bd2 a5 49. c5 Nh5 50. Be1 Kf6 51. Bd7 Ng7 52. c6 Bc7 53. Bd2 Nh5 54. Bg5+ Ke5 55. Be8 Nf6 56. Bf7 Nd5 1-0

[Event "Heraklion Gazi op 13th"]
[Site "Heraklion"]
[Date "2017.08.01"]
[Round "5"]
[White "Betsakos, Konstantinos"]
[Black "Marountas, Ioannis"]
[Result "1/2-1/2"]
[WhiteElo "1832"]
[BlackElo "2039"]
[PlyCount "63"]
[EventDate "2017.07.28"]
[EventType "swiss"]
[EventRounds "9"]
[EventCountry "GRE"]
[SourceTitle "CBM 179 Extra"]
[Source "ChessBase"]
[SourceDate "2017.08.23"]
[SourceVersion "1"]
[SourceVersionDate "2017.08.23"]
[SourceQuality "1"]

1. d4 Nf6 2. Nf3 g6 3. Bf4 Bg7 4. Nbd2 0-0 5. e3 d6 6. Bc4 h6 7. h3 Nfd7 8. Bg3 e5 9. dxe5 Nxe5 10. Nxe5 dxe5 11. e4 Nc6 12. 0-0 Kh8 13. c3 Qe7 14. Kh1 Be6 15. Qe2 Rad8 16. Rad1 Rd7 17. Bxe6 Qxe6 18. Nc4 Rfd8 19. b3 Kg8 20. f3 f6 21. Ne3 Ne7 22. Rxd7 Rxd7 23. Rd1 Rxd1+ 24. Qxd1 Kf7 25. Bf2 a6 26. Nc4 Bf8 27. Kh2 Ke8 28. Qd2 Qd7 29. Qe2 h5 30. Be3 Nc6 31. b4 Nd8 32. Na5 1/2-1/2

[Event "GRE-chT 45th"]
[Site "Achaia"]
[Date "2017.07.08"]
[Round "7.15"]
[White "Betsakos, Konstantinos"]
[Black "Nikolaou, Theodoros"]
[Result "1-0"]
[WhiteElo "1832"]
[BlackElo "1143"]
[PlyCount "75"]
[EventDate "2017.07.03"]
[EventType "team-swiss"]
[EventRounds "7"]
[EventCountry "GRE"]
[SourceTitle "CBM 179 Extra"]
[Source "ChessBase"]
[SourceDate "2017.08.23"]
[SourceVersion "1"]
[SourceVersionDate "2017.08.23"]
[SourceQuality "1"]
[WhiteTeam "Triandrias PG"]
[BlackTeam "Triandrias Chess Intervention"]
[WhiteTeamCountry "GRE"]
[BlackTeamCountry "GRE"]

1. c4 e6 2. g3 Nf6 3. Bg2 Be7 4. d3 0-0 5. Nf3 d5 6. Bd2 dxc4 7. dxc4 Nc6 8. 0-0 b6 9. Ne5 Bb7 10. Nxc6 Bxc6 11. Bxc6 Rb8 12. Bf4 Qxd1 13. Rxd1 Bd8 14. Nc3 Be7 15. b3 Bd6 16. Bxd6 cxd6 17. Rxd6 Rfd8 18. Rad1 Rxd6 19. Rxd6 h6 20. Kg2 a5 21. e4 Ng4 22. f4 Ne3+ 23. Kf3 Nc2 24. e5 Nb4 25. a3 Nc2 26. Nb5 Rc8 27. Na7 Rc7 28. Be4 g6 29. Nb5 Ne1+ 30. Ke2 Rc8 31. Kxe1 a4 32. Rc6 Rd8 33. Nd6 axb3 34. Rc8 Rxc8 35. Nxc8 b2 36. Kd2 Kg7 37. Kc2 b1Q+ 38. Kxb1 1-0